000
00341pab a2200145 454500
008
180718b1986 xxu||||| |||| 00| 0 eng d
100
_a
Mishra, G.P
245
_a
Managing livestock to boost rural economy
260
_c
1986
300
_a
17-18,22
362
_a
1 July
650
_a
Livestock - India
773
_a
Yojana
909
_a
12650
999
_c
12650
_d
12650